• 首页
  • 本馆介绍
  • 公告通知
  • 最新文献
  • 馆藏检索
  • 电子资源
  • 读者导购
  • 参考咨询
  • 我的图书馆
  • 登录
  • 详细信息显示
  • 放入我的书架
  • 预约/预借图书
  • 作者相关作品
  • 分类相关作品
  • 丛书相关作品
  • 出版社相关作品

书目信息

  • 表格格式
  • 工作单格式
  • 卡片格式
题名:
新概念英语自学词典
    
 
作者: 唐义均 著
分册: 下册  
出版信息: 北京   外文出版社  1997
页数: 799页
开本: 20cm
丛书名: 新概念英语自学丛书
单 册:
中图分类: H31
科图分类: 41.68
主题词: 英语--ying yu--高等教育--自学参考资料
电子资源:
ISBN: 7-119-02046-3
000 00814nam0 2200265 450
001 012006080003
005 20070531083029.26
010    @a7-119-02046-3@dCNY24.60
100    @a19971009d1997 em y0chiy0121 ea
101 0  @achi@aeng
102    @aCN@b110000
105    @ay e 000yy
200 1  @a新概念英语自学词典@Axin gai nian ying yu zi xue ci dian@h下册@f唐义均著
205    @a修订版
210    @a北京@c外文出版社@d1997
215    @a799页@d20cm
225 2  @a新概念英语自学丛书@Axin gai nian ying yu zi xue cong shu
410  0 @12001 @a新概念英语自学丛书
510 1  @aA guide to new concept English@zeng
606    @a英语@Aying yu@x高等教育@x自学参考资料
690    @aH31@v4
692    @a41.68@v2
701  0 @a唐义均@Atang yi jun@4著
801  0 @aCN@bPFT@c20070531
905    @a10447@dH31@e1026:2=2
    
    新概念英语自学词典.下册/唐义均著.-修订版.-北京:外文出版社,1997
    799页;20cm.-(新概念英语自学丛书)
    
    
    ISBN 7-119-02046-3:CNY24.60
    
●
相关链接 在E读中查询图书 在五车中查询图书 在当当中查询图书 在豆瓣中查询图书


正题名:新概念英语自学词典     索取号:H31/1026:2=2         预约/预借

序号 登录号 条形码 馆藏地/架位号 状态 备注
1 0396533   203965334   第二样本阅览室/ [索取号:H31/1026:2=2] 在馆    
2 0396534   203965343   密集书库/ [索取号:H31/1026:2=2] 在馆    
3 0396535   203965352   密集书库/ [索取号:H31/1026:2=2] 在馆    
4 0396536   203965361   密集书库/ [索取号:H31/1026:2=2] 在馆    
5 0396537   203965370   密集书库/ [索取号:H31/1026:2=2] 在馆    
6 0396538   203965389   密集书库/ [索取号:H31/1026:2=2] 在馆    
7 0396931   203969312   密集书库/ [索取号:H31/1026:2=2] 在馆    
唐山师范学院图书馆 欢迎您!
大连网信软件有限公司© 版权所有